| 000 | 00479cam a2200193ua 4500 | ||
|---|---|---|---|
| 001 | 140 | ||
| 008 | 110322n ii |||gr||||Z||||||eng | ||
| 020 | _a81-7656-633-0 | ||
| 040 | _cMAIN | ||
| 082 | _a005 | ||
| 245 |
_aExploring c. _cBy Yashavanta Kanetkar. |
||
| 250 | _a2nd. | ||
| 260 |
_aNew Delhi.: _bBpb publication., _c2010. |
||
| 300 |
_aix, 605 p.: _bill.;6 cm. |
||
| 653 | _aComputer science. | ||
| 653 | _aExploring c. | ||
| 700 | 1 | _aKanetkar, Yashavanta., | |
| 942 | _cBK | ||
| 999 |
_c128 _d128 |
||